[Event "Madrid-ch"]
[Site "Madrid"]
[Date "2015.02.03"]
[Round "2"]
[White "Cano Mercado, Francisco Manuel"]
[Black "Rodriguez Bachiller, Luis"]
[Result "1-0"]
[WhiteElo "1886"]
[BlackElo "1714"]
[PlyCount "143"]
[EventDate "2015.02.02"]
[EventType "swiss"]
[EventRounds "9"]
[EventCountry "ESP"]
[SourceTitle "CBM 164 Extra"]
[Source "ChessBase"]
[SourceDate "2015.03.02"]
[SourceVersion "1"]
[SourceVersionDate "2015.03.02"]
[SourceQuality "1"]

1. d4 Nf6 2. Bg5 d6 3. Nd2 Nbd7 4. e4 g6 5. Ngf3 Bg7 6. Bc4 0-0 7. Qe2 e5 8. dxe5 Nxe5 9. Nxe5 dxe5 10. 0-0-0 Qe7 11. h4 h6 12. Bxf6 Qxf6 13. g4 Be6 14. g5 Bxc4 15. Qxc4 Qb6 16. h5 Kh7 17. Kb1 Rad8 18. Qe2 Rd4 19. Rdg1 Rfd8 20. Nf3 R4d6 21. gxh6 Bh8 22. Ng5+ Kg8 23. hxg6 Rxg6 24. h7+ Kf8 25. Nf3 Qf6 26. a3 Qg7 27. Rxg6 Qxg6 28. Qe3 b6 29. Rg1 Qxh7 30. Qg5 Re8 31. Rg4 f6 32. Qh4 Qxh4 33. Nxh4 Kf7 34. Nf5 Ke6 35. c3 Rd8 36. Kc2 a5 37. a4 c6 38. b4 c5 39. bxa5 bxa5 40. Kb3 Kf7 41. Kc4 Rd2 42. Kxc5 Rxf2 43. Kb5 Re2 44. c4 Ke6 45. c5 Kd7 46. Rh4 Rb2+ 47. Kxa5 Kc6 48. Rxh8 Re2 49. Rf8 Rxe4 50. Rxf6+ Kxc5 51. Nd6 Rb4 52. Nf7 Re4 53. Re6 Kd4 54. Rxe5 Rf4 55. Re7 Rf6 56. Rc7 Rf5+ 57. Kb6 Rf6+ 58. Kb7 Kd5 59. a5 Rf1 60. a6 Rb1+ 61. Ka7 Re1 62. Nd8 Kd6 63. Rg7 Re8 64. Nb7+ Kc6 65. Na5+ Kb5 66. Rg5+ Kb4 67. Kb6 Rb8+ 68. Kc7 Ra8 69. Kb7 Rh8 70. a7 Rh7+ 71. Kb6 Rh6+ 72. Nc6+ 1-0